000 01199nam a2200229Ia 4500
003 Ost
005 20260507074951.0
008 260507s9999||||xx |||||||||||||| ||und||
020 _a9773750946
040 _cfsecg
041 _aara
082 _a658.3
100 _aالعيسوي، عبد الرحمن محمد
_eمؤلف
245 0 _aالإدارةفي عصر العولمة /
_c عبد الرحمن محمد العيسوي
260 _aالاسكندرية:
_bدار الفكر الجامعي,
_c2007
300 _a339 صفحة؛
_bإيضاحات ؛
_c25 سم
504 _aببليوغرافيا:ص.323-329 كشاف المصطلحات:ص.309-321
520 _aالعولمة وتداعياتها،القيادة التربوية في ظل ظروف العصر الراهن،العولمة بين القبول والرفض،بين القومية والعولمة،مفردات العمل الإداري والقيادي،مفهوم الإدارة من المنظور السيكولوجي،علم النفس في خدمة الإدارة،دور الإدارة في تنمية الموارد البشرية
653 _aالإدارة
653 _aالعولمة
942 _cكتاب
999 _c41994
_d41994